| 000 | 00708nam a2200121 4500 | ||
|---|---|---|---|
| 999 |
_c12952 _d12952 |
||
| 008 | 190206b ||||| |||| 00| 0 eng d | ||
| 082 | _aDPer 959.9048 P53p May 2013- April 2014 v. 22-23 | ||
| 245 |
_aPagkakakonekta: _bmagarang lansangan sa tulong ng teknolohiya sa pamamahala ng trapiko at disiplina sa kalsada. |
||
| 260 |
_aSan Miguel, Manila : _bOP-Bureau of Communications Services, _ccMay 2013-cApr 2014. |
||
| 300 |
_av23 n1, pages 6-10: _billustrations; _c23 cm. |
||
| 650 |
_aTechnology. _936600 |
||
| 942 |
_2ddc _cPER |
||